[Event "Berlin-ch Seniors op 34th"]
[Site "Berlin"]
[Date "2018.02.06"]
[Round "7"]
[White "Klevenow, Hellmut"]
[Black "Geist, Wolfgang"]
[Result "1-0"]
[WhiteElo "1712"]
[BlackElo "1388"]
[PlyCount "29"]
[EventDate "2018.01.30"]
[EventType "swiss"]
[EventRounds "9"]
[EventCountry "GER"]
[SourceTitle "EXT 2020"]
[Source "ChessBase"]
[SourceDate "2019.10.17"]
[SourceVersion "1"]
[SourceVersionDate "2019.10.17"]
[SourceQuality "1"]

1. e4 d5 2. exd5 Nf6 3. d4 Qxd5 4. Nf3 e6 5. Nc3 Bb4 6. Bd2 Bxc3 7. Bxc3 0-0 8. Bd3 Nc6 9. 0-0 Ne4 10. Re1 Nxc3 11. bxc3 Ne7 12. Re5 Qd6 13. Bxh7+ Kxh7 14. Ng5+ Kh6 15. Nxf7+ 1-0

[Event "Berlin-ch Seniors op 34th"]
[Site "Berlin"]
[Date "2018.02.05"]
[Round "6"]
[White "Bluhm, Robert"]
[Black "Klevenow, Hellmut"]
[Result "1-0"]
[WhiteElo "1845"]
[BlackElo "1712"]
[PlyCount "61"]
[EventDate "2018.01.30"]
[EventType "swiss"]
[EventRounds "9"]
[EventCountry "GER"]
[SourceTitle "EXT 2020"]
[Source "ChessBase"]
[SourceDate "2019.10.17"]
[SourceVersion "1"]
[SourceVersionDate "2019.10.17"]
[SourceQuality "1"]

1. e4 d5 2. e5 Nc6 3. d4 Bf5 4. Nf3 e6 5. c3 a6 6. b4 Nge7 7. Bd3 Bxd3 8. Qxd3 b5 9. a4 Rb8 10. a5 Ng6 11. g3 Be7 12. h4 h5 13. Bg5 Kd7 14. Nbd2 Qe8 15. Nb3 f6 16. exf6 gxf6 17. Bd2 Qf7 18. 0-0-0 Rhe8 19. Rhe1 Nd8 20. Re2 Bd6 21. Nc5+ Bxc5 22. dxc5 c6 23. Bf4 Ra8 24. Rde1 Nxf4 25. gxf4 Ra7 26. Kb2 Kc8 27. Nd2 Rg8 28. Nf3 Re7 29. Nd4 Rge8 30. Re3 Rg8 31. Nf5 1-0

[Event "Berlin-ch Seniors op 34th"]
[Site "Berlin"]
[Date "2018.02.01"]
[Round "3"]
[White "Borgwardt, Heinz"]
[Black "Klevenow, Hellmut"]
[Result "1/2-1/2"]
[WhiteElo "1551"]
[BlackElo "1712"]
[PlyCount "70"]
[EventDate "2018.01.30"]
[EventType "swiss"]
[EventRounds "9"]
[EventCountry "GER"]
[SourceTitle "EXT 2020"]
[Source "ChessBase"]
[SourceDate "2019.10.17"]
[SourceVersion "1"]
[SourceVersionDate "2019.10.17"]
[SourceQuality "1"]

1. d4 d5 2. c4 c6 3. Nf3 Nf6 4. Nc3 Bf5 5. e3 e6 6. Be2 dxc4 7. Bxc4 Nbd7 8. 0-0 h6 9. Re1 Be7 10. e4 Bh7 11. Bd3 0-0 12. Bf4 Re8 13. Qc2 Nf8 14. Rac1 Bb4 15. a3 Bxc3 16. Qxc3 Rc8 17. b4 g5 18. Be5 N6d7 19. Bg3 Ng6 20. e5 Nb6 21. Qd2 Nd5 22. Bxg6 Bxg6 23. Rcd1 Kg7 24. h3 Rc7 25. h4 g4 26. Nh2 h5 27. Nf1 Ne7 28. Bf4 Nf5 29. Bg5 Qd5 30. Ne3 Nxe3 31. Qxe3 Bf5 32. Bf6+ Kh7 33. Rd2 Rg8 34. Rc1 Qe4 35. Re1 Qxe3 1/2-1/2

[Event "Berlin-ch Seniors op 33rd"]
[Site "Berlin"]
[Date "2017.02.09"]
[Round "9"]
[White "Krueger, Detlef"]
[Black "Klevenow, Hellmut"]
[Result "1-0"]
[WhiteElo "1814"]
[BlackElo "1718"]
[PlyCount "57"]
[EventDate "2017.01.31"]
[EventType "swiss"]
[EventRounds "9"]
[EventCountry "GER"]
[SourceTitle "EXT 2019"]
[Source "ChessBase"]
[SourceDate "2018.10.10"]
[SourceVersion "1"]
[SourceVersionDate "2018.10.10"]
[SourceQuality "1"]

1. e4 d6 2. d4 g6 3. c4 Bg7 4. Nc3 b6 5. Be3 e6 6. Nf3 Ne7 7. Be2 0-0 8. Qc2 Nd7 9. 0-0 Bb7 10. Rfd1 f5 11. Ng5 Rf6 12. e5 dxe5 13. dxe5 Rf8 14. Nxe6 Qc8 15. Nxf8 Nxf8 16. Bg5 Qe6 17. Nd5 Nxd5 18. cxd5 Qxe5 19. Bf3 h6 20. Be3 Kh7 21. Bd4 Qd6 22. Bxg7 Kxg7 23. Qc3+ Kh7 24. Rac1 Rc8 25. Re1 g5 26. h3 Ng6 27. Re6 Qf4 28. Rce1 Rg8 29. Bh5 1-0

[Event "Berlin-ch Seniors op 33rd"]
[Site "Berlin"]
[Date "2017.02.07"]
[Round "7"]
[White "Klevenow, Hellmut"]
[Black "Jiranek, Benno"]
[Result "1-0"]
[WhiteElo "1718"]
[BlackElo "1424"]
[PlyCount "37"]
[EventDate "2017.01.31"]
[EventType "swiss"]
[EventRounds "9"]
[EventCountry "GER"]
[SourceTitle "EXT 2019"]
[Source "ChessBase"]
[SourceDate "2018.10.10"]
[SourceVersion "1"]
[SourceVersionDate "2018.10.10"]
[SourceQuality "1"]

1. d4 Nf6 2. c4 e6 3. Nf3 b6 4. Nc3 Bb7 5. e3 d5 6. Bd3 Be7 7. 0-0 Nbd7 8. cxd5 exd5 9. Bd2 0-0 10. Rc1 Ne4 11. Be1 Ndf6 12. Ne5 c5 13. f3 Nxc3 14. Bxc3 c4 15. Bb1 b5 16. a3 a5 17. Qc2 b4 18. Ng4 b3 19. Nxf6+ 1-0

[Event "Berlin-ch Seniors op 33rd"]
[Site "Berlin"]
[Date "2017.02.06"]
[Round "6"]
[White "Casny, Guenter"]
[Black "Klevenow, Hellmut"]
[Result "1/2-1/2"]
[WhiteElo "1858"]
[BlackElo "1718"]
[PlyCount "135"]
[EventDate "2017.01.31"]
[EventType "swiss"]
[EventRounds "9"]
[EventCountry "GER"]
[SourceTitle "EXT 2019"]
[Source "ChessBase"]
[SourceDate "2018.10.10"]
[SourceVersion "1"]
[SourceVersionDate "2018.10.10"]
[SourceQuality "1"]

1. e4 d6 2. Nc3 g6 3. g3 Bg7 4. Bg2 e5 5. d3 Ne7 6. Nh3 0-0 7. 0-0 Nbc6 8. f4 exf4 9. Nxf4 Nd4 10. Ncd5 Nxd5 11. Nxd5 c6 12. Ne3 Qb6 13. Kh1 Be6 14. a4 c5 15. Bd2 Qc7 16. c4 Nc6 17. Bc3 Ne5 18. Qc2 Rac8 19. Rae1 Nc6 20. Bxg7 Kxg7 21. Rf2 Nd4 22. Qc3 Kg8 23. Nc2 Nxc2 24. Qxc2 f5 25. Ref1 fxe4 26. Bxe4 Rxf2 27. Qxf2 Qe7 28. Qg2 b6 29. Re1 Qf7 30. Rf1 Qe7 31. h4 Kg7 32. b3 Rf8 33. Qb2+ Rf6 34. Kg2 Kf7 35. Re1 Qd7 36. Kg1 Qd8 37. d4 Qc7 38. d5 Bg4 39. Qc3 a5 40. Qe3 Kg7 41. Bg2 Qd7 42. Be4 Bh3 43. Bg2 Bxg2 44. Kxg2 Qf5 45. Qd2 Rf7 46. Qb2+ Kh6 47. Qe2 Qf6 48. Qd2+ Kg7 49. Qe3 Qb2+ 50. Re2 Qf6 51. Rf2 Qxf2+ 52. Qxf2 Rxf2+ 53. Kxf2 Kf6 54. Kf3 Ke5 55. g4 h6 56. Ke3 h5 57. gxh5 gxh5 58. Kf3 Kf5 59. Kg3 Ke4 60. Kg2 Kf4 61. Kf2 Kg4 62. Ke3 Kxh4 63. Kf4 Kh3 64. Kf5 Kg3 65. Ke6 h4 66. Kxd6 h3 67. Kc6 h2 68. Kxb6 1/2-1/2

[Event "Berlin-ch Seniors op 33rd"]
[Site "Berlin"]
[Date "2017.02.04"]
[Round "5"]
[White "Gmerek, Henning"]
[Black "Klevenow, Hellmut"]
[Result "0-1"]
[WhiteElo "1566"]
[BlackElo "1718"]
[PlyCount "96"]
[EventDate "2017.01.31"]
[EventType "swiss"]
[EventRounds "9"]
[EventCountry "GER"]
[SourceTitle "EXT 2019"]
[Source "ChessBase"]
[SourceDate "2018.10.10"]
[SourceVersion "1"]
[SourceVersionDate "2018.10.10"]
[SourceQuality "1"]

1. d4 d5 2. c4 c6 3. e3 Nf6 4. Nc3 g6 5. Nf3 Bg7 6. Be2 0-0 7. 0-0 Nbd7 8. c5 Re8 9. b4 e5 10. b5 exd4 11. Nxd4 Qc7 12. Ba3 Ne4 13. Nxe4 dxe4 14. Rb1 Ne5 15. bxc6 bxc6 16. Rb3 h5 17. f3 exf3 18. Nxf3 Be6 19. Rb4 Rad8 20. Qc2 Ng4 21. Bc1 Bd5 22. e4 Be6 23. h3 Ne5 24. Bb2 Nxf3+ 25. Rxf3 Qa5 26. a3 Bxb2 27. Rxb2 Rd4 28. Qc3 Qxc3 29. Rxc3 Rxe4 30. Bf3 Re1+ 31. Kh2 Rc8 32. Rb7 a5 33. Ra7 Bd5 34. Bxd5 cxd5 35. Rd7 Re5 36. c6 Kf8 37. Rc5 Ke8 38. Rb7 Re6 39. c7 Rd6 40. Rb8 Kd7 41. Rb7 d4 42. Rb1 Rxc7 43. Rxa5 d3 44. Rd1 d2 45. Rb5 Rc1 46. Rb1 Rxb1 47. Rxb1 d1Q 48. Rxd1 Rxd1 0-1

[Event "Berlin-ch Seniors op 33rd"]
[Site "Berlin"]
[Date "2017.02.02"]
[Round "3"]
[White "Mueller, Erhard"]
[Black "Klevenow, Hellmut"]
[Result "1-0"]
[WhiteElo "1885"]
[BlackElo "1718"]
[PlyCount "68"]
[EventDate "2017.01.31"]
[EventType "swiss"]
[EventRounds "9"]
[EventCountry "GER"]
[SourceTitle "EXT 2019"]
[Source "ChessBase"]
[SourceDate "2018.10.10"]
[SourceVersion "1"]
[SourceVersionDate "2018.10.10"]
[SourceQuality "1"]

1. d4 d5 2. Nf3 g6 3. e3 Nf6 4. Nbd2 Bg7 5. b4 0-0 6. Bb2 c6 7. Bd3 Bg4 8. h3 Bxf3 9. Nxf3 Nbd7 10. 0-0 Ne4 11. c4 e6 12. Qc2 f5 13. Rac1 a5 14. b5 cxb5 15. cxd5 exd5 16. Bxb5 Nd6 17. Qb3 Nf6 18. Bd3 Nde4 19. Rc2 Rf7 20. Rfc1 a4 21. Qb4 Bf8 22. Qe1 Qb6 23. Ne5 Bb4 24. Qd1 Re7 25. Rc8+ Re8 26. R8c7 Bd6 27. R7c2 Bxe5 28. dxe5 Nd7 29. Bd4 Qe6 30. f4 g5 31. Rc7 gxf4 32. exf4 b6 33. Bb5 Nec5 34. Bc6 Rac8 1-0

[Event "Berlin-ch Seniors op 33rd"]
[Site "Berlin"]
[Date "2017.02.01"]
[Round "2"]
[White "Klevenow, Hellmut"]
[Black "Morczynski, Ryszard"]
[Result "1-0"]
[WhiteElo "1718"]
[BlackElo "1351"]
[PlyCount "79"]
[EventDate "2017.01.31"]
[EventType "swiss"]
[EventRounds "9"]
[EventCountry "GER"]
[SourceTitle "EXT 2019"]
[Source "ChessBase"]
[SourceDate "2018.10.10"]
[SourceVersion "1"]
[SourceVersionDate "2018.10.10"]
[SourceQuality "1"]

1. d4 Nf6 2. c4 d6 3. Nc3 g6 4. Nf3 Bg7 5. g3 Bg4 6. Bg2 0-0 7. 0-0 c6 8. e4 Qc7 9. h3 Bc8 10. Be3 Rd8 11. Qc2 Nbd7 12. Rac1 e5 13. d5 c5 14. Nd2 Nb6 15. f4 a6 16. fxe5 dxe5 17. Rf2 Bd7 18. b3 Qc8 19. Kh2 Be8 20. Rcf1 Nbd7 21. Bg5 b5 22. cxb5 axb5 23. Nxb5 h6 24. Nd6 Qc7 25. Nxe8 Rxe8 26. Bxf6 Nxf6 27. Nc4 Nd7 28. Rxf7 Rf8 29. Rxf8+ Rxf8 30. Rxf8+ Bxf8 31. a4 Nb6 32. Nxb6 Qxb6 33. Qc3 Bd6 34. Qc4 Bb8 35. h4 Kg7 36. Bh3 Kf6 37. Be6 Qb4 38. Qf1+ Ke7 39. Qf7+ Kd6 40. Qd7# 1-0

[Event "Berlin-ch Seniors op 32nd"]
[Site "Berlin"]
[Date "2016.01.28"]
[Round "3"]
[White "Klevenow, Hellmut"]
[Black "Fleischer, Matthias"]
[Result "0-1"]
[WhiteElo "1775"]
[BlackElo "1903"]
[PlyCount "80"]
[EventDate "2016.01.26"]
[EventType "swiss"]
[EventRounds "9"]
[EventCountry "GER"]
[SourceTitle "EXT 2019"]
[Source "ChessBase"]
[SourceDate "2018.10.10"]
[SourceVersion "1"]
[SourceVersionDate "2018.10.10"]
[SourceQuality "1"]

1. d4 Nf6 2. c4 b5 3. cxb5 e6 4. Nf3 Bb7 5. Nc3 Be7 6. g3 0-0 7. Bg2 a6 8. 0-0 axb5 9. Nxb5 Ra5 10. Nc3 c5 11. Bg5 Bxf3 12. Bxf3 cxd4 13. Bxf6 Bxf6 14. Ne4 Be5 15. Qd3 d5 16. Nd2 Qb6 17. Nb3 Rb5 18. Rfc1 Na6 19. Qd2 Ra8 20. Qg5 Bf6 21. Qg4 h6 22. Rd1 Nb4 23. Nxd4 Bxd4 24. Rxd4 Nc2 25. Rdd1 Nxa1 26. Rxa1 Rxb2 27. a4 Rb4 28. Qh5 Rb1+ 29. Rxb1 Qxb1+ 30. Kg2 Rxa4 31. Qe5 Ra1 32. Kh3 Ra2 33. Qc7 Qf1+ 34. Kg4 Ra4+ 35. e4 dxe4 36. Qc8+ Kh7 37. Qc2 f5+ 38. Kf4 g5+ 39. Ke5 Ra5+ 40. Kf6 Qa1+ 0-1

[Event "Berlin-ch Seniors op 31st"]
[Site "Berlin"]
[Date "2015.02.04"]
[Round "6"]
[White "Klevenow, Hellmut"]
[Black "Koerner, Helmut"]
[Result "1-0"]
[WhiteElo "1557"]
[BlackElo "1711"]
[PlyCount "57"]
[EventDate "2015.01.29"]
[EventType "swiss"]
[EventRounds "9"]
[EventCountry "GER"]
[SourceTitle "EXT 2018"]
[Source "ChessBase"]
[SourceDate "2017.10.13"]
[SourceVersion "1"]
[SourceVersionDate "2017.10.13"]
[SourceQuality "1"]

1. d4 Nf6 2. c4 e5 3. dxe5 Ng4 4. Nf3 Bc5 5. e3 Nc6 6. Be2 0-0 7. 0-0 Re8 8. a3 a5 9. Nc3 Ngxe5 10. Nd5 Nxf3+ 11. Bxf3 Ne5 12. Be2 c6 13. Nc3 f5 14. Bd2 Qf6 15. Na4 Ba7 16. Bc3 Qe6 17. c5 Ng4 18. Qd4 Qh6 19. h3 Re4 20. Qd1 Nxe3 21. Qb3+ Nd5 22. Bf3 Kh8 23. Bxe4 fxe4 24. Bd4 d6 25. Nb6 Bxb6 26. cxb6 Nf4 27. Rfe1 d5 28. Qg3 Nd3 29. Qxd3 1-0

[Event "Berlin-ch Seniors op 31st"]
[Site "Berlin"]
[Date "2015.02.02"]
[Round "4"]
[White "Hartmann, Hans"]
[Black "Klevenow, Hellmut"]
[Result "1/2-1/2"]
[WhiteElo "1776"]
[BlackElo "1557"]
[PlyCount "110"]
[EventDate "2015.01.29"]
[EventType "swiss"]
[EventRounds "9"]
[EventCountry "GER"]
[SourceTitle "EXT 2018"]
[Source "ChessBase"]
[SourceDate "2017.10.13"]
[SourceVersion "1"]
[SourceVersionDate "2017.10.13"]
[SourceQuality "1"]

1. d4 d5 2. c4 c6 3. Nf3 Nf6 4. e3 Bf5 5. Nc3 e6 6. a3 Nbd7 7. Be2 Be7 8. 0-0 h6 9. h3 dxc4 10. Bxc4 Nb6 11. Be2 0-0 12. Re1 Qc7 13. Bd2 Nbd7 14. Rc1 Ne4 15. Nxe4 Bxe4 16. Bc3 Rfd8 17. Qb3 Bd5 18. Qc2 Bxf3 19. Bxf3 Nf6 20. e4 Rd7 21. Rcd1 Rc8 22. Qe2 a5 23. g4 Nh7 24. Bg2 b5 25. b4 axb4 26. axb4 Ra8 27. e5 Ra4 28. Qe4 Rd5 29. Qb1 Rd7 30. f4 Qb6 31. Be4 Nf8 32. Bc2 Ra3 33. Bb3 Rda7 34. Qc2 Bh4 35. Rf1 Ng6 36. Bb2 Rxb3 37. Qxb3 Ne7 38. Ra1 Rxa1 39. Rxa1 Nd5 40. Rf1 Be7 41. Bc3 Nxb4 42. f5 Nd5 43. fxe6 fxe6 44. Bb2 Bg5 45. Qf3 Bf4 46. Kh1 Qa5 47. Bc1 g5 48. Bxf4 gxf4 49. h4 Qd2 50. Qe4 Kg7 51. h5 Ne3 52. Qg6+ Kh8 53. Qxh6+ Kg8 54. Qxe6+ Kh8 55. Qh6+ Kg8 1/2-1/2

[Event "Berlin Spring op-B"]
[Site "Berlin"]
[Date "2014.05.01"]
[Round "2"]
[White "Klevenow, Hellmut"]
[Black "Boehne, Sebastian"]
[Result "0-1"]
[WhiteElo "1633"]
[BlackElo "1813"]
[PlyCount "82"]
[EventDate "2014.05.01"]
[EventType "swiss"]
[EventRounds "7"]
[EventCountry "GER"]
[SourceTitle "CBM 160 Extra"]
[Source "ChessBase"]
[SourceDate "2014.07.01"]
[SourceVersion "1"]
[SourceVersionDate "2014.07.01"]
[SourceQuality "1"]

1. d4 Nf6 2. c4 e6 3. Nf3 b6 4. Nc3 Bb7 5. Bg5 h6 6. Bh4 Be7 7. e3 0-0 8. Bd3 d5 9. cxd5 exd5 10. 0-0 Nbd7 11. Rc1 Re8 12. Bb1 Rc8 13. Re1 a6 14. Bf5 Ra8 15. Bxd7 Nxd7 16. Bg3 Rc8 17. Qb3 Nf6 18. h3 Bf8 19. Qc2 c5 20. Be5 b5 21. Qf5 Qd7 22. Qxd7 Nxd7 23. Ne2 c4 24. a3 Be7 25. Rc2 Bc6 26. Nc3 a5 27. Ra1 Ra8 28. Ne2 Ra6 29. Bg3 Rea8 30. Ne5 Nxe5 31. dxe5 b4 32. axb4 axb4 33. Rxa6 Rxa6 34. Nd4 Ra1+ 35. Kh2 Ba4 36. Re2 Bd1 37. Re1 c3 38. bxc3 bxc3 39. e4 dxe4 40. Nc2 Rb1 41. Ne3 c2 0-1

[Event "Berlin-ch Seniors op 27th"]
[Site "Berlin"]
[Date "2011.02.05"]
[Round "8"]
[White "Baranowsky, Peter"]
[Black "Klevenow, Hellmut"]
[Result "1-0"]
[WhiteElo "1854"]
[BlackElo "1666"]
[PlyCount "165"]
[EventDate "2011.01.29"]
[EventType "swiss"]
[EventRounds "9"]
[EventCountry "GER"]
[SourceTitle "EXT 2012"]
[Source "ChessBase"]
[SourceDate "2011.11.24"]
[SourceVersion "1"]
[SourceVersionDate "2011.11.24"]
[SourceQuality "1"]

1. c4 c5 2. g3 Nf6 3. Bg2 Nc6 4. Nf3 g6 5. Nc3 Bg7 6. 0-0 0-0 7. a3 d6 8. h3 e5 9. d3 h6 10. Rb1 a5 11. Ne1 Rb8 12. Nc2 Qe7 13. Ne3 Be6 14. Qa4 Qd7 15. Kh2 Ra8 16. Bd2 Rfd8 17. Rfe1 Nd4 18. Qxd7 Rxd7 19. b4 axb4 20. axb4 Rb8 21. bxc5 dxc5 22. Rb6 Ne8 23. Reb1 Nd6 24. Na4 Nc8 25. Rxb7 Rbxb7 26. Rxb7 Rxb7 27. Bxb7 Bf8 28. Nc3 Ne7 29. Ng4 Bxg4 30. hxg4 Kg7 31. Kg2 Ng8 32. e3 Nb3 33. Be1 Nf6 34. Ne2 Bd6 35. f3 Bc7 36. Bc3 Ne8 37. Bc6 Kf8 38. f4 exf4 39. gxf4 Na5 40. Ba8 Nd6 41. Kf3 Ke7 42. Bg7 h5 43. gxh5 gxh5 44. Nc3 Nf5 45. Nd5+ Kd7 46. Bc3 Bd8 47. Nf6+ Bxf6 48. Bxf6 Nb3 49. Bc3 Nc1 50. Be4 Nd6 51. Bb2 Nb3 52. Kg3 Nd2 53. Bd5 Nf5+ 54. Kf2 Nh6 55. Ke2 Nb3 56. Bc3 f5 57. Kd1 Kc7 58. Kc2 Ng4 59. Kxb3 Nxe3 60. Be5+ Kd7 61. Bf3 h4 62. Kc3 h3 63. Kd2 Ng4 64. Ke2 Nxe5 65. fxe5 Ke6 66. Kf2 Kxe5 67. Kg3 h2 68. Kxh2 Kd4 69. Kg3 Kxd3 70. Bd5 Ke3 71. Kg2 f4 72. Kg1 Kd4 73. Kf2 Ke5 74. Kf3 Kf5 75. Ke2 Ke5 76. Kd3 Kf5 77. Kc3 Ke5 78. Kb3 Kd4 79. Ka4 f3 80. Kb5 f2 81. Bg2 Ke5 82. Kxc5 Ke6 83. Kc6 1-0

[Event "Berlin-ch Seniors op 27th"]
[Site "Berlin"]
[Date "2011.02.04"]
[Round "7"]
[White "Klevenow, Hellmut"]
[Black "Rollwitz, Juergen"]
[Result "1/2-1/2"]
[WhiteElo "1666"]
[BlackElo "1812"]
[PlyCount "31"]
[EventDate "2011.01.29"]
[EventType "swiss"]
[EventRounds "9"]
[EventCountry "GER"]
[SourceTitle "EXT 2012"]
[Source "ChessBase"]
[SourceDate "2011.11.24"]
[SourceVersion "1"]
[SourceVersionDate "2011.11.24"]
[SourceQuality "1"]

1. e4 d6 2. d4 Nf6 3. Nc3 e5 4. dxe5 dxe5 5. Qxd8+ Kxd8 6. Bg5 Be6 7. f3 c6 8. Bd3 Nbd7 9. 0-0-0 h6 10. Be3 Bc5 11. Bxc5 Nxc5 12. Bc4+ Kc7 13. Bxe6 Nxe6 14. Nge2 Rhd8 15. Rxd8 Rxd8 16. Rd1 1/2-1/2

[Event "Berlin-ch Seniors op 27th"]
[Site "Berlin"]
[Date "2011.01.31"]
[Round "3"]
[White "Klevenow, Hellmut"]
[Black "Lemnitz, Donald"]
[Result "1/2-1/2"]
[WhiteElo "1666"]
[BlackElo "1295"]
[PlyCount "72"]
[EventDate "2011.01.29"]
[EventType "swiss"]
[EventRounds "9"]
[EventCountry "GER"]
[SourceTitle "EXT 2012"]
[Source "ChessBase"]
[SourceDate "2011.11.24"]
[SourceVersion "1"]
[SourceVersionDate "2011.11.24"]
[SourceQuality "1"]

1. d4 d5 2. c4 e6 3. Nc3 c5 4. e3 Nf6 5. Nf3 Nc6 6. Bd3 Be7 7. 0-0 0-0 8. cxd5 exd5 9. dxc5 Bxc5 10. a3 a6 11. b4 Be7 12. h3 Qc7 13. Bb2 b5 14. Rc1 Bb7 15. Ne2 Qd6 16. Ned4 Nxd4 17. Nxd4 g6 18. Nf3 Rfe8 19. Bb1 Bf8 20. Bd4 Bg7 21. Qb3 Rac8 22. Qb2 Rc6 23. Rfd1 Rec8 24. Rxc6 Bxc6 25. Ne5 Bb7 26. Nd3 Ne8 27. Bxg7 Nxg7 28. Nc5 Ba8 29. Ne4 Qe7 30. Nf6+ Kh8 31. Qd4 Rc4 32. Qb2 d4 33. Ng4 h5 34. Nh2 dxe3 35. fxe3 Qxe3+ 36. Kh1 Bc6 1/2-1/2

[Event "GER-ch Seniors 22nd"]
[Site "Berlin"]
[Date "2010.08.24"]
[Round "9"]
[White "Zimmermann, Manfred"]
[Black "Klevenow, Hellmut"]
[Result "1-0"]
[WhiteElo "1793"]
[BlackElo "1661"]
[PlyCount "47"]
[EventDate "2010.08.16"]
[EventType "swiss"]
[EventRounds "9"]
[EventCountry "GER"]
[SourceTitle "CBM 138 Extra"]
[Source "ChessBase"]
[SourceDate "2010.10.29"]
[SourceVersion "1"]
[SourceVersionDate "2010.10.29"]
[SourceQuality "1"]

1. d4 c6 2. c4 d5 3. Nf3 Nf6 4. Nc3 Bf5 5. e3 e6 6. Be2 h6 7. 0-0 Nbd7 8. b3 Be7 9. Bb2 0-0 10. Bd3 Bxd3 11. Qxd3 Re8 12. Rfd1 Bb4 13. Rac1 Bxc3 14. Bxc3 Ne4 15. Bb2 Qf6 16. Qc2 g5 17. Ne5 Nxe5 18. dxe5 Qg6 19. cxd5 g4 20. d6 Rad8 21. Kh1 Kh7 22. f3 gxf3 23. gxf3 Ng3+ 24. hxg3 1-0

[Event "GER-ch Seniors 22nd"]
[Site "Berlin"]
[Date "2010.08.17"]
[Round "2"]
[White "Klevenow, Hellmut"]
[Black "Grueneschild, Hildegard"]
[Result "1-0"]
[WhiteElo "1661"]
[BlackElo "1283"]
[PlyCount "101"]
[EventDate "2010.08.16"]
[EventType "swiss"]
[EventRounds "9"]
[EventCountry "GER"]
[SourceTitle "CBM 138 Extra"]
[Source "ChessBase"]
[SourceDate "2010.10.29"]
[SourceVersion "1"]
[SourceVersionDate "2010.10.29"]
[SourceQuality "1"]

1. e4 c5 2. Nf3 d6 3. Nc3 Nc6 4. d4 cxd4 5. Nxd4 Bd7 6. Be3 Nf6 7. Be2 e6 8. 0-0 Be7 9. Qd2 0-0 10. Rad1 Ne5 11. f4 Neg4 12. e5 Nxe3 13. Qxe3 dxe5 14. fxe5 Nd5 15. Nxd5 exd5 16. Kh1 Bg5 17. Qb3 Bc6 18. Qg3 Bh4 19. Qf3 Be7 20. Qg4 Bd7 21. e6 fxe6 22. Nxe6 Rxf1+ 23. Rxf1 Bxe6 24. Qxe6+ Kh8 25. Bd3 Bf6 26. Qf5 g6 27. Qxf6+ Qxf6 28. Rxf6 Kg7 29. Rd6 Re8 30. Kg1 Re5 31. Rd7+ Kh6 32. Rxb7 a5 33. Rb5 a4 34. Ra5 Re1+ 35. Kf2 Rb1 36. b3 axb3 37. axb3 d4 38. Rd5 Rd1 39. Rxd4 Rd2+ 40. Kf3 Rd1 41. b4 Re1 42. b5 Re8 43. b6 Rb8 44. Rb4 Kg7 45. c4 Kf6 46. c5 Ke5 47. c6 Kd6 48. c7 Rf8+ 49. Ke3 Kc5 50. Rc4+ Kxb6 51. c8Q 1-0

[Event "Berlin-ch Seniors op 26th"]
[Site "Berlin"]
[Date "2010.02.16"]
[Round "8"]
[White "Klevenow, Hellmut"]
[Black "Radloff, Rainer"]
[Result "1-0"]
[WhiteElo "1701"]
[BlackElo "1536"]
[PlyCount "71"]
[EventDate "2010.02.09"]
[EventType "swiss"]
[EventRounds "9"]
[EventCountry "GER"]
[SourceTitle "EXT 2012"]
[Source "ChessBase"]
[SourceDate "2011.11.24"]
[SourceVersion "1"]
[SourceVersionDate "2011.11.24"]
[SourceQuality "1"]

1. e4 c5 2. Nf3 Nc6 3. Nc3 Nf6 4. Bb5 a6 5. Bxc6 bxc6 6. 0-0 e6 7. d3 Be7 8. h3 0-0 9. Be3 d5 10. Bf4 h6 11. e5 Nd7 12. Qd2 f6 13. Bxh6 gxh6 14. Qxh6 Rf7 15. exf6 Bxf6 16. Rfe1 Qf8 17. Qxf8+ Nxf8 18. Ne5 Bxe5 19. Rxe5 Raa7 20. Na4 c4 21. dxc4 dxc4 22. Rc5 Rad7 23. Rxc4 Rd2 24. Rf1 Rg7 25. Kh2 e5 26. Nc5 Ne6 27. Ne4 Re2 28. Nf6+ Kf7 29. Nh5 Rg5 30. Ng3 c5 31. Nxe2 Bb7 32. Rg4 Rf5 33. Ng3 Rf6 34. Rd1 Ke7 35. f3 Bc8 36. Rg8 1-0

[Event "Berlin-ch Seniors op 26th"]
[Site "Berlin"]
[Date "2010.02.14"]
[Round "6"]
[White "Klevenow, Hellmut"]
[Black "Engelhardt, Erhard"]
[Result "1/2-1/2"]
[WhiteElo "1701"]
[BlackElo "1589"]
[PlyCount "86"]
[EventDate "2010.02.09"]
[EventType "swiss"]
[EventRounds "9"]
[EventCountry "GER"]
[SourceTitle "EXT 2012"]
[Source "ChessBase"]
[SourceDate "2011.11.24"]
[SourceVersion "1"]
[SourceVersionDate "2011.11.24"]
[SourceQuality "1"]

1. e4 d5 2. exd5 Qxd5 3. Nc3 Qd6 4. d4 Nf6 5. Nf3 Bg4 6. Be2 c6 7. Bg5 Nbd7 8. h3 Bh5 9. Qd2 e6 10. Bf4 Qb4 11. 0-0 Be7 12. a3 Qa5 13. Rad1 0-0 14. Ne5 Bxe2 15. Qxe2 Rfe8 16. Nxd7 Nxd7 17. Ne4 Nf6 18. Rfe1 Rad8 19. c3 Rd7 20. Be5 Nxe4 21. Qxe4 Qd8 22. Qg4 Bf6 23. Re3 Bxe5 24. Rxe5 Qe7 25. Rde1 Red8 26. f4 Rd5 27. f5 Rxe5 28. Rxe5 Rd5 29. fxe6 Rxe5 30. exf7+ Kxf7 31. dxe5 Qxe5 32. Qd7+ Qe7 33. Qf5+ Kg8 34. Qf2 b6 35. b4 h6 36. Qd2 Kh7 37. a4 c5 38. a5 cxb4 39. cxb4 bxa5 40. bxa5 Qc7 41. Qb4 Qc1+ 42. Kf2 Qc2+ 43. Kg3 Qc7+ 1/2-1/2

[Event "Berlin-ch Seniors op 26th"]
[Site "Berlin"]
[Date "2010.02.12"]
[Round "4"]
[White "Francke, Joerg"]
[Black "Klevenow, Hellmut"]
[Result "1-0"]
[WhiteElo "1869"]
[BlackElo "1701"]
[PlyCount "55"]
[EventDate "2010.02.09"]
[EventType "swiss"]
[EventRounds "9"]
[EventCountry "GER"]
[SourceTitle "EXT 2012"]
[Source "ChessBase"]
[SourceDate "2011.11.24"]
[SourceVersion "1"]
[SourceVersionDate "2011.11.24"]
[SourceQuality "1"]

1. d4 d5 2. Nf3 Nf6 3. Bf4 Bf5 4. e3 e6 5. Nbd2 Bd6 6. c3 Bxf4 7. exf4 c6 8. Ne5 0-0 9. g4 Bg6 10. h4 h6 11. h5 Bh7 12. g5 Ne4 13. g6 fxg6 14. hxg6 Rxf4 15. gxh7+ Kxh7 16. Bd3 Kg8 17. Nxe4 dxe4 18. Bc4 Qf6 19. Rf1 b5 20. Bb3 c5 21. Qe2 c4 22. Bc2 Na6 23. Bxe4 Rd8 24. 0-0-0 Rd6 25. f3 Nc7 26. Rg1 Nd5 27. Rg6 Qe7 28. Rdg1 1-0

[Event "Berlin-ch Seniors op 24th"]
[Site "Berlin"]
[Date "2008.02.28"]
[Round "8"]
[White "Klevenow, Hellmut"]
[Black "Burger, Heinrich"]
[Result "0-1"]
[WhiteElo "1735"]
[BlackElo "1981"]
[PlyCount "60"]
[EventDate "2008.02.21"]
[EventType "swiss"]
[EventRounds "9"]
[EventCountry "GER"]
[SourceTitle "EXT 2022"]
[Source "ChessBase"]
[SourceDate "2021.10.06"]
[SourceVersion "1"]
[SourceVersionDate "2021.10.06"]
[SourceQuality "1"]

1. e4 c5 2. Nf3 Nc6 3. d4 cxd4 4. Nxd4 Nf6 5. Nc3 e6 6. Nxc6 bxc6 7. Bd2 d5 8. exd5 exd5 9. Bd3 Rb8 10. 0-0 Be6 11. Re1 Bd6 12. Bf5 0-0 13. Bxe6 fxe6 14. Rb1 Qd7 15. Qe2 e5 16. h3 Qf5 17. Qd1 e4 18. Rf1 Qe5 19. g3 d4 20. Bf4 Qe6 21. Bxd6 Qxd6 22. Ne2 c5 23. Nf4 Nd5 24. Nxd5 Qxd5 25. Qe2 Rbe8 26. b3 Kh8 27. Rbd1 Rf3 28. Rd3 e3 29. Kh2 Ref8 30. Rdd1 Rxf2+ 0-1